Catálogo

Manual de bioética / (Registro nro. 15594)

Detalles MARC
000 -LEADER
fixed length control field 00987cam a2200289 i 4500
001 - CONTROL NUMBER
control field 15594
003 - CONTROL NUMBER IDENTIFIER
control field Mx-PuUPA
005 - DATE AND TIME OF LATEST TRANSACTION
control field 20240410103505.0
008 - FIXED-LENGTH DATA ELEMENTS--GENERAL INFORMATION
fixed length control field 140415s1996 mx r 000 0 spa d
020 ## - INTERNATIONAL STANDARD BOOK NUMBER
International Standard Book Number 9681329201
040 ## - CATALOGING SOURCE
Original cataloging agency MX-PuUPA
Language of cataloging spa
Description conventions rda
Transcribing agency Mx-PuUPA
Modifying agency Mx-PuUPA
041 1# - LANGUAGE CODE
Language code of text/sound track or separate title spa
Language code of original ita
100 1# - MAIN ENTRY--PERSONAL NAME
Personal name Sgreccia, Elio,
Relator term autor
9 (RLIN) 5905
240 10 - UNIFORM TITLE
Uniform title Manuale di bioetica. I. Fondamenti ed biomedica.
Language of a work Español
245 10 - TITLE STATEMENT
Title Manual de bioética /
Statement of responsibility, etc. Elio Sgreccia ; traducción, V.-M. Fdez.
264 #1 - PRODUCTION, PUBLICATION, DISTRIBUTION, MANUFACTURE, AND COPYRIGHT NOTICE
Place of production, publication, distribution, manufacture México, D.F. :
Name of producer, publisher, distributor, manufacturer Editorial Diana,
Date of production, publication, distribution, manufacture, or copyright notice 1996
300 ## - PHYSICAL DESCRIPTION
Extent xiv, 688 páginas ;
Dimensions 24 cm.
336 ## - CONTENT TYPE
Content type term texto
Fuente rdacontent
Content type code txt
337 ## - MEDIA TYPE
Media type term sin medio
Source rdamedia
Media type code n
338 ## - CARRIER TYPE
Carrier type term volumen
Source rdacarrier
Carrier type code nc
650 #4 - SUBJECT ADDED ENTRY--TOPICAL TERM
Topical term or geographic name entry element Bioética
Form subdivision Manuales
650 #4 - SUBJECT ADDED ENTRY--TOPICAL TERM
Topical term or geographic name entry element Bioética
700 1# - ADDED ENTRY--PERSONAL NAME
Personal name Fdez., V.-M.,
Relator term traductor
765 08 - ORIGINAL LANGUAGE ENTRY
Main entry heading Sgreccia, Elio, 1928-
Title Manuale di bioetica. I. Fondamenti ed biomedica.
942 ## - ADDED ENTRY ELEMENTS (KOHA)
Source of classification or shelving scheme Dewey Decimal Classification
Koha item type Libro
Classification part 174.957
Item part S523
Existencias
Withdrawn status Lost status Source of classification or shelving scheme Damaged status Not for loan Collection code Home library Current library Shelving location Date acquired Source of acquisition Total Checkouts Total Renewals Full call number Barcode Date last seen Date last checked out Copy number Price effective from Koha item type
    Dewey Decimal Classification     General Biblioteca Karol Wojtyla Biblioteca Karol Wojtyla Sala general 03/05/2018 Compra 3 1 174.957 S523 1996 59612 05/01/2026 14/02/2020 Ej.2 03/05/2018 Libro
    Dewey Decimal Classification     General Biblioteca Karol Wojtyla Biblioteca Karol Wojtyla Sala general 03/12/2013 Compra 7   174.957 S523 1996 33240 05/01/2026 10/02/2022   03/05/2018 Libro